[Event "Kvalifikacije za Sampionat 2015"]
[Site "Kragujevac"]
[Date "2015.03.11"]
[Round "4.1"]
[White "Zajic, Milan"]
[Black "Markovic, Miroslav"]
[Result "1-0"]
[WhiteElo "2475"]
[BlackElo "2481"]
[PlyCount "117"]
[EventDate "2015.??.??"]

1. e4 e5 2. Nf3 Qe7 3. Nc3 c6 4. d4 d6 5. Bc4 h6 6. a4 Nf6 7. O-O Bg4 8. dxe5
dxe5 9. Qe2 Nbd7 10. a5 Nc5 11. Qe3 Qc7 12. h3 Be6 13. Qe2 Bc8 14. b4 Ne6 15.
Nd5 cxd5 16. exd5 e4 17. dxe6 Bxe6 18. Bb5+ Bd7 19. Bxd7+ Qxd7 20. Rd1 Qf5 21.
Nh4 Qe6 22. Qb5+ Qc6 23. Qe5+ Qe6 24. Qb5+ Qc6 25. Qxc6+ bxc6 26. Bb2 Nd5 27.
b5 O-O-O 28. bxc6 e3 29. fxe3 Bc5 30. Bxg7 Nxe3 31. Rxd8+ Rxd8 32. Kh1 h5 33.
Be5 Re8 34. Bg3 Re6 35. c7 Bd6 36. Bxd6 Rxd6 37. Ra3 Nxc2 38. Rf3 f6 39. Nf5
Re6 40. Ng7 Re5 41. Rxf6 Kxc7 42. Rf7+ Kc6 43. Rxa7 Ne3 44. Ra6+ Kb7 45. Re6
Rxe6 46. Nxe6 Ka6 47. Kg1 Kxa5 48. Kf2 Nd5 49. Kg3 Kb5 50. Nf4 Nf6 51. Kh4 Kc6
52. Kg5 Ne4+ 53. Kxh5 Kd6 54. Kg6 Ke5 55. Nd3+ Kd4 56. h4 Kxd3 57. h5 Nc5 58.
h6 Ne6 59. Kf5 1-0

[Event "Kvalifikacije za Sampionat 2015"]
[Site "Kragujevac"]
[Date "2015.03.11"]
[Round "4.2"]
[White "Kovacevic, Aleksandar"]
[Black "Milanovic, Danilo"]
[Result "1/2-1/2"]
[WhiteElo "2517"]
[BlackElo "2471"]
[PlyCount "72"]
[EventDate "2015.??.??"]

1. e4 d5 2. exd5 Qxd5 3. Nc3 Qd8 4. d4 Nf6 5. Nf3 a6 6. g3 b6 7. Bg2 Bb7 8. O-O
e6 9. Ne5 Bxg2 10. Kxg2 Be7 11. Qf3 Ra7 12. Rd1 O-O 13. d5 Qe8 14. dxe6 fxe6
15. Qe2 Bd6 16. Nf3 Nbd7 17. Bg5 Ra8 18. Bxf6 Nxf6 19. Ne4 Nxe4 20. Qxe4 Qe7
21. Rd3 Rae8 22. Re1 Rf5 23. Re2 Qf7 24. Nd4 Re5 25. Qc6 Rxe2 26. Nxe2 Rf8 27.
f3 Qf5 28. Nc3 Be5 29. Ne4 Bxb2 30. Qxc7 Qb5 31. c4 Qa5 32. Rd8 Ba3 33. Rd7 Bb2
34. Rd8 Ba3 35. Rd7 Bb2 36. Rd8 Ba3 1/2-1/2

[Event "Kvalifikacije za Sampionat 2015"]
[Site "Kragujevac"]
[Date "2015.03.11"]
[Round "4.3"]
[White "Novoselski, Zoran"]
[Black "Pavlovic, Milos"]
[Result "0-1"]
[WhiteElo "2365"]
[BlackElo "2482"]
[PlyCount "54"]
[EventDate "2015.??.??"]

1. d4 Nf6 2. c4 e6 3. Nf3 d5 4. Nc3 c6 5. e3 Nbd7 6. Qc2 Bd6 7. b3 O-O 8. Bb2
e5 9. cxd5 cxd5 10. dxe5 Nxe5 11. Be2 Be6 12. O-O Rc8 13. Rfc1 Ne4 14. h3 Qf6
15. Nxd5 Bxd5 16. Qxc8 Nxf3+ 17. Bxf3 Qxb2 18. Qc2 Qe5 19. g3 Ng5 20. Bxd5 Qxd5
21. Rd1 Nxh3+ 22. Kh2 Qh5 23. Kg2 Ng5 24. Qf5 g6 25. Qd7 Qf3+ 26. Kg1 Ne4 27.
Rf1 Nxg3 0-1

[Event "Kvalifikacije za Sampionat 2015"]
[Site "Kragujevac"]
[Date "2015.03.11"]
[Round "4.4"]
[White "Abramovic, Bosko"]
[Black "Antic, Dejan"]
[Result "1/2-1/2"]
[WhiteElo "2462"]
[BlackElo "2457"]
[PlyCount "22"]
[EventDate "2015.??.??"]

1. e4 e5 2. Nf3 Nf6 3. Nxe5 d6 4. Nf3 Nxe4 5. Qe2 Qe7 6. d3 Nf6 7. Bg5 Nbd7 8.
Nc3 Qxe2+ 9. Bxe2 Be7 10. O-O-O c6 11. h3 O-O 1/2-1/2

[Event "Kvalifikacije za Sampionat 2015"]
[Site "Kragujevac"]
[Date "2015.03.11"]
[Round "4.5"]
[White "Radovanovic, Nikola"]
[Black "Jovanovic, Bojan P"]
[Result "1/2-1/2"]
[WhiteElo "2399"]
[BlackElo "2261"]
[PlyCount "37"]
[EventDate "2015.??.??"]

1. d4 d5 2. c4 c6 3. cxd5 cxd5 4. Nc3 Bf5 5. Nf3 Nc6 6. Bf4 e6 7. e3 Bd6 8.
Bxd6 Qxd6 9. Bd3 Bxd3 10. Qxd3 Nf6 11. O-O O-O 12. Rfc1 Rfc8 13. Ne2 Ne7 14.
Rxc8+ Rxc8 15. Rc1 Rxc1+ 16. Nxc1 Qc6 17. Ne2 Nd7 18. Qc3 Qxc3 19. Nxc3 1/2-1/2

[Event "Kvalifikacije za Sampionat 2015"]
[Site "Kragujevac"]
[Date "2015.03.11"]
[Round "4.6"]
[White "Irizanin, Radoje"]
[Black "Tadic, Branko"]
[Result "0-1"]
[WhiteElo "2295"]
[BlackElo "2496"]
[PlyCount "90"]
[EventDate "2015.??.??"]

1. a3 e5 2. c4 g6 3. d4 exd4 4. Qxd4 Nf6 5. Bg5 Bg7 6. Qe3+ Kf8 7. Qd2 h6 8.
Bh4 g5 9. Bg3 Ne4 10. Qc2 Qf6 11. Ra2 d5 12. e3 Bf5 13. Bd3 Qg6 14. Bxc7 Na6
15. cxd5 Nxc7 16. g4 Bxg4 17. Bxe4 Qd6 18. Nc3 Re8 19. Nge2 Be5 20. h3 Bd7 21.
Ra1 Qf6 22. Rd1 Bd6 23. Nd4 Re5 24. Nf3 Re7 25. Nd4 Re5 26. Bg2 Rg8 27. Ne4 Qe7
28. Nxd6 Qxd6 29. Ne6+ Nxe6 30. dxe6 Qxe6 31. Qc7 Rxe3+ 32. Kf1 Re5 33. Bxb7
Bb5+ 34. Kg2 Rg6 35. Rd8+ Kg7 36. Qb8 Bc6+ 37. Bxc6 Qxc6+ 38. Kg3 Rf6 39. Rg8+
Kh7 40. Rf1 Rf3+ 41. Kh2 Re2 42. Rh8+ Kg6 43. Kg1 Rxh3 44. Qg8+ Kh5 45. Qxf7+
Kg4 0-1

[Event "Kvalifikacije za Sampionat 2015"]
[Site "Kragujevac"]
[Date "2015.03.11"]
[Round "4.7"]
[White "Ristic, Nenad"]
[Black "Stojanovic, Andjelija"]
[Result "1-0"]
[WhiteElo "2437"]
[BlackElo "2284"]
[PlyCount "65"]
[EventDate "2015.??.??"]

1. e4 g6 2. d4 Bg7 3. Nc3 d5 4. exd5 Nf6 5. Bc4 Nbd7 6. Bb3 Nb6 7. Nf3 O-O 8.
Bf4 a5 9. a4 Nbxd5 10. Nxd5 Nxd5 11. Be5 Bg4 12. h3 Bxf3 13. Qxf3 e6 14. O-O c6
15. Rfe1 Qb6 16. h4 h5 17. Rad1 Qd8 18. Qh3 Nf6 19. f3 Nd7 20. g4 Nxe5 21. dxe5
Qb6+ 22. Kh1 hxg4 23. Qxg4 Rad8 24. h5 Rxd1 25. Rxd1 Rd8 26. Rg1 Qe3 27. f4 g5
28. Rg2 Rd4 29. Bxe6 fxe6 30. h6 Rxf4 31. Qxg5 Qh3+ 32. Kg1 Qe3+ 33. Kh2 1-0

[Event "Kvalifikacije za Sampionat 2015"]
[Site "Kragujevac"]
[Date "2015.03.11"]
[Round "4.8"]
[White "Misailovic, Nebojsa"]
[Black "Zlatanovic, Boroljub"]
[Result "1-0"]
[WhiteElo "2323"]
[BlackElo "2382"]
[PlyCount "129"]
[EventDate "2015.03.09"]

1. e4 e6 2. d4 d5 3. Nc3 Bb4 4. e5 b6 5. Nge2 Ba6 6. g3 h5 7. h3 Qd7 8. Bd2 Be7
9. Bg2 c5 10. a4 Nc6 11. Nb5 cxd4 12. Nexd4 Nxe5 13. Bf4 Bf6 14. O-O Kf8 15.
Re1 Ng6 16. Bd6+ N8e7 17. Ra3 Bxb5 18. Bxe7+ Bxe7 19. Rf3 Bf6 20. axb5 Kg8 21.
c4 Ne5 22. Rxf6 gxf6 23. cxd5 exd5 24. Qd2 Ng6 25. Re3 Re8 26. Rf3 Qe7 27. Re3
Qf8 28. Rf3 Qd6 29. Nf5 Qc5 30. Rc3 Qxb5 31. Nd6 Qe2 32. Qxd5 Rf8 33. Ne4 Rh6
34. Nxf6+ Kg7 35. Re3 Qxb2 36. Nxh5+ Kg8 37. Qg5 Rxh5 38. Qxh5 Qa1+ 39. Kh2 Qf6
40. Rf3 Qd4 41. h4 Kg7 42. Rf5 Rc8 43. Bd5 f6 44. Kh3 Rc5 45. Bg8 Qxh4+ 46.
gxh4 Nf4+ 47. Rxf4 Rxh5 48. Be6 Re5 49. Rg4+ Kh7 50. Bg8+ Kh8 51. Bf7 Kh7 52.
h5 b5 53. Bg6+ Kh6 54. Rd4 Re7 55. Rd8 f5 56. Bxf5 Kxh5 57. f4 Re3+ 58. Kg2 Kh6
59. Rd6+ Kg7 60. Rg6+ Kf7 61. Ra6 Re7 62. Kf3 b4 63. Be4 Rc7 64. Bd5+ Ke7 65.
Ke4 1-0

[Event "Kvalifikacije za Sampionat 2015"]
[Site "Kragujevac"]
[Date "2015.03.11"]
[Round "4.9"]
[White "Rabrenovic, Vladan"]
[Black "Petrovic, Dragan R"]
[Result "1-0"]
[WhiteElo "2373"]
[BlackElo "2180"]
[PlyCount "97"]
[EventDate "2015.03.09"]

1. d4 Nf6 2. c4 g6 3. Nc3 Bg7 4. e4 d6 5. h3 O-O 6. Bd3 Nc6 7. Nge2 e5 8. d5
Nb4 9. Bb1 a5 10. g4 c6 11. a3 Na6 12. Bc2 h5 13. f3 Nh7 14. Be3 Qf6 15. Qd2
Qh4+ 16. Bf2 Qg5 17. Qxg5 Nxg5 18. Ng1 hxg4 19. hxg4 f5 20. Bh4 Bh6 21. gxf5
gxf5 22. Rh2 Rf7 23. Bxg5 Bxg5 24. Rg2 Rg7 25. exf5 Bd2+ 26. Kf1 Rxg2 27. Kxg2
Bxc3 28. bxc3 cxd5 29. cxd5 Bd7 30. Ne2 Rc8 31. Rb1 b5 32. Be4 Kg7 33. Kf2 Kf6
34. Rh1 Bxf5 35. Rh6+ Kg5 36. Bxf5 Kxf5 37. Rxd6 Nc5 38. Ng3+ Kf4 39. Rf6+ Kg5
40. Rb6 Kf4 41. Ne2+ Kg5 42. Rxb5 e4 43. f4+ Kg4 44. d6 a4 45. Ke3 Rc6 46. Nd4
Rc8 47. Rxc5 Rxc5 48. Kxe4 Rxc3 49. d7 1-0

[Event "Kvalifikacije za Sampionat 2015"]
[Site "Kragujevac"]
[Date "2015.03.11"]
[Round "4.10"]
[White "Rajkovic, Mladen"]
[Black "Ratkovic, Milovan"]
[Result "0-1"]
[WhiteElo "2266"]
[BlackElo "2364"]
[PlyCount "78"]
[EventDate "2015.03.09"]

1. e4 c6 2. d4 d5 3. e5 Bf5 4. Nf3 e6 5. Be2 Nd7 6. O-O h6 7. Nbd2 Ne7 8. Nb3
Nc8 9. a4 a5 10. Bd2 Be7 11. Rc1 O-O 12. c4 dxc4 13. Rxc4 Ndb6 14. Bxa5 Qd5 15.
Bxb6 Nxb6 16. Rc1 Nxa4 17. Bc4 Qd8 18. Qd2 Qb6 19. Ra1 Qb4 20. Qxb4 Bxb4 21.
Ra2 Nb6 22. Rfa1 Rxa2 23. Rxa2 Nxc4 24. Ra4 Nxb2 25. Rxb4 b5 26. Nc5 Ra8 27. h3
Ra1+ 28. Kh2 Nd1 29. g4 Bc2 30. d5 exd5 31. Nd4 Be4 32. Nxc6 Ra2 33. Kg3 Nxf2
34. Rxb5 g5 35. Nxe4 dxe4 36. Rb1 Nd3 37. Ne7+ Kh7 38. Nf5 Nf4 39. Rg1 Ra3+ 0-1

[Event "Kvalifikacije za Sampionat 2015"]
[Site "Kragujevac"]
[Date "2015.03.11"]
[Round "4.11"]
[White "Tosic, Miroslav"]
[Black "Knezevic, Veljko"]
[Result "1-0"]
[WhiteElo "2413"]
[BlackElo "2015"]
[PlyCount "63"]
[EventDate "2015.03.09"]

1. Nf3 d5 2. c4 c6 3. b3 Nf6 4. Bb2 Bf5 5. g3 e6 6. Bg2 Nbd7 7. O-O h6 8. d3
Be7 9. Nbd2 O-O 10. a3 a5 11. Re1 Qb6 12. Bc3 Ng4 13. d4 e5 14. h3 Ngf6 15. c5
Qc7 16. Nxe5 Nxe5 17. dxe5 Nd7 18. b4 Nxe5 19. e4 dxe4 20. Bxe4 Bxe4 21. Nxe4
Rad8 22. Nd6 Ng6 23. Qd4 Bf6 24. Qc4 Bxc3 25. Qxc3 Ne7 26. Rad1 Nd5 27. Qb2 f5
28. Re6 axb4 29. axb4 f4 30. g4 f3 31. Qe5 Rd7 32. Rd4 1-0

[Event "Kvalifikacije za Sampionat 2015"]
[Site "Kragujevac"]
[Date "2015.03.11"]
[Round "4.12"]
[White "Djokic, Nebojsa"]
[Black "Pavlovic, Goran"]
[Result "1/2-1/2"]
[WhiteElo "2186"]
[BlackElo "2368"]
[PlyCount "71"]
[EventDate "2015.03.09"]

1. e4 c5 2. Nf3 e6 3. d4 cxd4 4. Nxd4 Nc6 5. Nc3 a6 6. Be3 Qc7 7. Qd2 Nf6 8.
O-O-O Bb4 9. f3 O-O 10. g4 b5 11. h4 Bb7 12. h5 Nxd4 13. Qxd4 Bxc3 14. Qxc3
Qxc3 15. bxc3 d5 16. g5 Nd7 17. Rh4 Ne5 18. Be2 dxe4 19. fxe4 Rac8 20. Bd4 Nc4
21. h6 g6 22. Bf6 Rc7 23. Bd3 Rfc8 24. Rf4 Rd7 25. Be2 Rxd1+ 26. Kxd1 Kf8 27.
Bd3 Ke8 28. Ke2 Rc5 29. Rf1 Bc6 30. Rg1 Bd7 31. Kf3 Nb2 32. Bd4 Rc8 33. Ke2 Ke7
34. Bf6+ Kd6 35. Rb1 Na4 36. Kd2 1/2-1/2

[Event "Kvalifikacije za Sampionat 2015"]
[Site "Kragujevac"]
[Date "2015.03.11"]
[Round "4.13"]
[White "Cvetkovic, Srdjan"]
[Black "Jokic, Miodrag"]
[Result "1-0"]
[WhiteElo "2296"]
[BlackElo "2100"]
[PlyCount "41"]
[EventDate "2015.03.09"]

1. c4 Nf6 2. Nc3 g6 3. e4 d6 4. d4 Bg7 5. Nf3 O-O 6. h3 e5 7. dxe5 dxe5 8. Qxd8
Rxd8 9. Bg5 Re8 10. Nd5 Nxd5 11. cxd5 c6 12. Bc4 cxd5 13. Bxd5 Nd7 14. Rc1 Nf6
15. Bxf6 Bxf6 16. Rc7 Be6 17. Bxe6 Rxe6 18. Rxb7 Ra6 19. O-O Rxa2 20. Rd1 h6
21. g4 {...} 1-0

[Event "Kvalifikacije za Sampionat 2015"]
[Site "Kragujevac"]
[Date "2015.03.11"]
[Round "4.14"]
[White "Pecinar, Zoran"]
[Black "Ilic, Zoran S"]
[Result "1/2-1/2"]
[WhiteElo "2169"]
[BlackElo "2295"]
[PlyCount "35"]
[EventDate "2015.03.09"]

1. c4 g6 2. Nc3 Bg7 3. Nf3 c5 4. d4 cxd4 5. Nxd4 Nc6 6. Nc2 Bxc3+ 7. bxc3 d6 8.
e4 Qa5 9. Bd2 Nf6 10. f3 Ne5 11. Qb1 O-O 12. Qb4 Nc6 13. Qb5 Bd7 14. Ne3 a6 15.
Qb3 Ne5 16. Qb4 Nc6 17. Qb3 Ne5 18. Qb4 1/2-1/2

[Event "Kvalifikacije za Sampionat 2015"]
[Site "Kragujevac"]
[Date "2015.03.11"]
[Round "4.15"]
[White "Radosavljevic, Slobodan D"]
[Black "Rancic, Zoran"]
[Result "1-0"]
[WhiteElo "2156"]
[BlackElo "2224"]
[PlyCount "85"]
[EventDate "2015.03.09"]

1. c4 e5 2. g3 Nf6 3. Bg2 d5 4. cxd5 Nxd5 5. Nc3 Nb6 6. Nf3 Nc6 7. O-O Be7 8.
d3 O-O 9. Be3 Be6 10. Rc1 Nd5 11. Nxd5 Bxd5 12. a3 Re8 13. Qa4 Bf6 14. Nd2 Bxg2
15. Kxg2 Ne7 16. Ne4 Nd5 17. Qb5 b6 18. Rc6 Qd7 19. a4 Be7 20. Nc3 Nf6 21. Rxf6
Qxb5 22. Nxb5 Bxf6 23. Nxc7 Kf8 24. Nxa8 Rxa8 25. Rc1 Bd8 26. Kf3 Ke7 27. Ke4
Kd6 28. b4 a6 29. f4 f6 30. fxe5+ fxe5 31. g4 Ra7 32. Rc8 Rd7 33. b5 axb5 34.
axb5 Bc7 35. d4 Re7 36. d5 Rf7 37. Re8 Kd7 38. Ra8 Rf1 39. Rg8 g6 40. Rg7+ Kd6
41. Bg5 Rd1 42. Be7+ Kd7 43. Bf6+ 1-0

[Event "Kvalifikacije za Sampionat 2015"]
[Site "Kragujevac"]
[Date "2015.03.11"]
[Round "4.16"]
[White "Colovic, Zoran"]
[Black "Sorgic, Dragan"]
[Result "1/2-1/2"]
[WhiteElo "2066"]
[BlackElo "2220"]
[PlyCount "87"]
[EventDate "2015.03.09"]

1. e4 c5 2. c3 d6 3. d4 Nf6 4. Bd3 g6 5. Nf3 Bg7 6. Be3 Ng4 7. Bg5 h6 8. Bh4
cxd4 9. cxd4 Qb6 10. Nc3 g5 11. Nd5 Qd8 12. Bg3 Nc6 13. O-O O-O 14. Be2 Nf6 15.
Nxf6+ Bxf6 16. d5 Nb8 17. Rb1 Bg4 18. h3 Bxf3 19. Bxf3 Nd7 20. Bg4 Ne5 21. Bf5
Ng6 22. b4 Kg7 23. Rb3 Qb6 24. Qh5 Be5 25. Kh1 Qa6 26. Rc1 Qxa2 27. Rf3 Bf6 28.
Rc7 Qb2 29. Kh2 Qxb4 30. Bxg6 fxg6 31. Qg4 Qb6 32. Rd7 Rf7 33. Qe6 Raf8 34. e5
dxe5 35. d6 e4 36. Qxe4 exd6 37. Rxd6 Qc5 38. Qe6 Re7 39. Rxf6 Rxe6 40. Rfxe6
Rxf2 41. Rd7+ Rf7 42. Rdd6 Rf4 43. Rxg6+ Kf7 44. Rxh6 1/2-1/2

[Event "Kvalifikacije za Sampionat 2015"]
[Site "Kragujevac"]
[Date "2015.03.11"]
[Round "4.17"]
[White "Bozilov, Dragan"]
[Black "Ugrenovic, Bozidar"]
[Result "0-1"]
[WhiteElo "1979"]
[BlackElo "2194"]
[PlyCount "107"]
[EventDate "2015.03.09"]

1. d4 Nf6 2. c4 c5 3. d5 b5 4. Nd2 bxc4 5. e4 c3 6. bxc3 d6 7. Bd3 g6 8. c4 Bg7
9. Bb2 Nbd7 10. Ngf3 Qa5 11. Qc2 O-O 12. Bc3 Qc7 13. Rb1 Nb6 14. O-O Bd7 15.
Ba5 Qb7 16. e5 dxe5 17. Nxe5 Qa6 18. Nxd7 Nfxd7 19. Rb5 Rac8 20. Qb3 Rfe8 21.
Ne4 Red8 22. Re1 Bd4 23. Ng5 Re8 24. Be2 Rb8 25. Rb1 h6 26. Ne4 e6 27. dxe6
Rxe6 28. Ng3 Rbe8 29. Bg4 Rf6 30. Rf1 h5 31. Bxd7 Nxd7 32. Bc3 h4 33. Nh1 h3
34. Bxd4 hxg2 35. Bxf6 gxf1=Q+ 36. Kxf1 Qxf6 37. Ng3 Qe6 38. Kg2 Rc8 39. Rb7 a5
40. Ra7 Ne5 41. Qe3 Qb6 42. Re7 Qc6+ 43. Kh3 Nxc4 44. Qf4 Qd5 45. Ne4 Qf5+ 46.
Kg3 Qxf4+ 47. Kxf4 Nb6 48. Rb7 Rc6 49. Ra7 a4 50. Nc3 Rd6 51. Ke3 Rd4 52. Ra6
Nc4+ 53. Ke2 a3 54. Ne4 {....} 0-1

[Event "Kvalifikacije za Sampionat 2015"]
[Site "Kragujevac"]
[Date "2015.03.11"]
[Round "4.18"]
[White "Djuricic, Dejan"]
[Black "Zivkovic, Nemanja"]
[Result "1/2-1/2"]
[WhiteElo "2019"]
[BlackElo "2310"]
[PlyCount "81"]
[EventDate "2015.03.09"]

1. e4 c5 2. Nf3 d6 3. d3 Nc6 4. g3 g6 5. Bg2 Bg7 6. O-O Bg4 7. h3 Bxf3 8. Qxf3
Nf6 9. c3 O-O 10. Be3 Nd7 11. Nd2 b5 12. Qe2 Qb6 13. Rfc1 Rab8 14. b4 Qc7 15.
Rab1 Rfc8 16. f4 cxb4 17. cxb4 Bd4 18. Nb3 Bxe3+ 19. Qxe3 Qb6 20. Qxb6 Nxb6 21.
a3 e5 22. Rc2 Ne7 23. Rbc1 Rxc2 24. Rxc2 Rc8 25. Rxc8+ Nexc8 26. Kf2 Ne7 27.
fxe5 dxe5 28. Ke3 Nc6 29. Bf1 Kf8 30. Be2 Ke7 31. Bd1 Kd6 32. Nc5 Nd4 33. Nb3
Nc6 34. Nc5 Nd7 35. Nb3 h6 36. Be2 Nb6 37. Bd1 Na4 38. Bc2 Nb2 39. Kd2 Na4 40.
Ke3 Nb6 41. Bd1 {...} 1/2-1/2

[Event "Kvalifikacije za Sampionat 2015"]
[Site "Kragujevac"]
[Date "2015.03.11"]
[Round "4.19"]
[White "Stankovic, Ivan G"]
[Black "Dodic, Dragan"]
[Result "1-0"]
[WhiteElo "2243"]
[BlackElo "2060"]
[PlyCount "79"]
[EventDate "2015.03.09"]

1. e4 c6 2. d3 d5 3. Qe2 dxe4 4. dxe4 e5 5. Nf3 Qc7 6. Be3 Nf6 7. Nbd2 h6 8. h3
Be6 9. g4 Nfd7 10. Bg2 Na6 11. Nb3 Nac5 12. Nfd2 a5 13. O-O g5 14. Rfd1 a4 15.
Nxc5 Nxc5 16. b4 Nd7 17. a3 Be7 18. c4 c5 19. b5 Nb6 20. Qd3 f6 21. Rac1 h5 22.
Qe2 hxg4 23. hxg4 Rd8 24. f3 Kf7 25. Bf2 Rd7 26. Nf1 Rxd1 27. Qxd1 Bd7 28. Ne3
Rd8 29. Qc2 Ra8 30. Bf1 Bd6 31. Be2 Be6 32. Kg2 Rh8 33. Rh1 Rxh1 34. Kxh1 Be7
35. Nd5 Bxd5 36. exd5 Bf8 37. Qh7+ Bg7 38. Bd3 Nd7 39. Bg6+ Kf8 40. Bf5 1-0

[Event "Kvalifikacije za Sampionat 2015"]
[Site "Kragujevac"]
[Date "2015.03.11"]
[Round "4.20"]
[White "Jovanovic, Sasa T"]
[Black "Trpkovic, Miroljub"]
[Result "1-0"]
[WhiteElo "2222"]
[BlackElo "1940"]
[PlyCount "63"]
[EventDate "2015.03.09"]

1. d4 d5 2. c4 c6 3. Nf3 Nf6 4. Nc3 e6 5. e3 Bd6 6. Qc2 O-O 7. Bd3 Nbd7 8. O-O
e5 9. cxd5 cxd5 10. dxe5 Nxe5 11. Nxe5 Bxe5 12. h3 Be6 13. Rd1 Rc8 14. Qa4 Bb8
15. Bf1 Qd6 16. g3 Qe5 17. Bg2 Qh5 18. Rd4 Rc5 19. Qd1 Qg6 20. e4 Be5 21. exd5
Rd8 22. Be3 Bxd4 23. Bxd4 Rc4 24. Bxf6 Qxf6 25. Qb3 Rd4 26. dxe6 Qxe6 27. Qxb7
Rd2 28. Rf1 R8d7 29. Qb5 h6 30. a4 Rc7 31. a5 Rc8 32. a6 1-0

[Event "Kvalifikacije za Sampionat 2015"]
[Site "Kragujevac"]
[Date "2015.03.11"]
[Round "4.21"]
[White "Crnkovic, Predrag"]
[Black "Stojanovic, Zlatko"]
[Result "0-1"]
[WhiteElo "1881"]
[BlackElo "2218"]
[PlyCount "78"]
[EventDate "2015.03.09"]

1. Nf3 Nf6 2. c4 g6 3. Nc3 Bg7 4. e4 O-O 5. d4 c5 6. d5 d6 7. Be2 e6 8. O-O Na6
9. h3 Nc7 10. Bf4 e5 11. Bg5 h6 12. Be3 a6 13. a4 Bd7 14. Qd2 Kh7 15. a5 Rb8
16. Ne1 b5 17. axb6 Rxb6 18. Nd3 Rb7 19. f4 exf4 20. Bxf4 Nfe8 21. e5 Qe7 22.
Nxc5 dxc5 23. d6 Qd8 24. dxc7 Nxc7 25. Bf3 Ra7 26. Rad1 Ne6 27. Bg3 h5 28. Bd5
Bh6 29. Qd3 Nd4 30. Ne4 Bf5 31. b4 Bxe4 32. Qxe4 Qg5 33. Bf2 Qf5 34. Qe1 Qc2
35. Rxd4 cxd4 36. Bxd4 Rc7 37. c5 Rd7 38. Qe4 Qxe4 39. Bxe4 Rxd4 0-1

[Event "Kvalifikacije za Sampionat 2015"]
[Site "Kragujevac"]
[Date "2015.03.11"]
[Round "4.22"]
[White "Zivanovic, Nenad"]
[Black "Ratkovic, Petar"]
[Result "1-0"]
[WhiteElo "2136"]
[BlackElo "1816"]
[PlyCount "75"]
[EventDate "2015.03.09"]

1. e4 c6 2. d4 d5 3. exd5 cxd5 4. Bd3 Nc6 5. c3 Nf6 6. Bf4 Bg4 7. Qb3 Qc8 8. h3
Bh5 9. Nd2 e6 10. Ngf3 Be7 11. O-O O-O 12. Rfe1 Bg6 13. Bxg6 hxg6 14. g4 Na5
15. Qc2 Nc4 16. Ne5 Nxd2 17. Qxd2 Ne4 18. Qe3 Qd8 19. f3 Nf6 20. Kg2 Nd7 21.
Rh1 Nxe5 22. dxe5 Bh4 23. Rad1 Qe7 24. Bh2 f6 25. exf6 gxf6 26. Rxd5 Rf7 27.
Rd6 e5 28. Rhd1 Kg7 29. Qd3 Raf8 30. Qd5 Qc7 31. Bg1 a6 32. Bb6 Qc8 33. Rd7 Qe8
34. Bc5 Rh8 35. Rxb7 f5 36. Rxf7+ Qxf7 37. Qxe5+ Bf6 38. Qd5 1-0

[Event "Kvalifikacije za Sampionat 2015"]
[Site "Kragujevac"]
[Date "2015.03.11"]
[Round "4.23"]
[White "Pavlasevic, Dragisa"]
[Black "Milosevic, Rade"]
[Result "0-1"]
[WhiteElo "1751"]
[BlackElo "2095"]
[PlyCount "120"]
[EventDate "2015.03.09"]

1. e4 c6 2. Nc3 d5 3. Nf3 Bg4 4. h3 Bxf3 5. Qxf3 e6 6. d4 dxe4 7. Qxe4 Nf6 8.
Qd3 Na6 9. a3 Nc7 10. Bd2 a6 11. Be2 Nb5 12. Nxb5 axb5 13. O-O Be7 14. Qg3 O-O
15. Bh6 Ne8 16. Be3 Qc7 17. f4 Nf6 18. Bd3 g6 19. Rf3 Rad8 20. Qf2 Nd5 21. Bd2
Bf6 22. Kh1 Bg7 23. b4 Nb6 24. c3 Qd6 25. Re1 Qd5 26. g4 f5 27. g5 Rd6 28. Bc1
Nc4 29. Bf1 Rd7 30. Bg2 Qd6 31. Qe2 Kf7 32. Qd3 Ra8 33. Rf2 Re7 34. Rfe2 Bf8
35. h4 Nb6 36. d5 Nxd5 37. c4 bxc4 38. Qxc4 Bg7 39. Be3 b6 40. Bc1 Rae8 41. b5
cxb5 42. Qd3 Rd8 43. h5 Nc3 44. Qxd6 Rxd6 45. hxg6+ hxg6 46. Rc2 Red7 47. Bb2
Na4 48. Bxg7 Kxg7 49. Re5 Nc5 50. Bf1 Rd2 51. Rxd2 Rxd2 52. Re2 Rd1 53. Kg1 Rb1
54. Rd2 b4 55. axb4 Rxb4 56. Rd6 Kf7 57. Kg2 Ke7 58. Rd2 Rxf4 59. Be2 Rb4 60.
Kg3 Ne4+ 0-1

[Event "Kvalifikacije za Sampionat 2015"]
[Site "Kragujevac"]
[Date "2015.03.11"]
[Round "4.24"]
[White "Zivkovic, Vladisa"]
[Black "Ilic, Slobodan S"]
[Result "0-1"]
[WhiteElo "1787"]
[BlackElo "1956"]
[PlyCount "58"]
[EventDate "2015.03.09"]

1. d4 Nf6 2. Nf3 e6 3. c4 d5 4. Nc3 Be7 5. Bg5 O-O 6. e3 h6 7. Bh4 b6 8. Qc2
Bb7 9. Bd3 Nbd7 10. h3 c5 11. dxc5 Nxc5 12. O-O-O Rc8 13. Nd4 Nxd3+ 14. Rxd3
Rxc4 15. Rg1 Ne4 16. Bxe7 Qxe7 17. f3 Nd6 18. Kb1 b5 19. b3 Rc7 20. Qd2 a6 21.
g4 Rfc8 22. Nce2 Qh4 23. Rc3 Rxc3 24. Nxc3 Qxh3 25. g5 hxg5 26. Rxg5 Qh4 27.
Qg2 Qe1+ 28. Kb2 Qxc3+ 29. Ka3 Nc4# 0-1

[Event "Kvalifikacije za Sampionat 2015"]
[Site "Kragujevac"]
[Date "2015.03.11"]
[Round "4.25"]
[White "Gajic, Aleksa"]
[Black "Simic, Petar S"]
[Result "0-1"]
[WhiteElo "1795"]
[BlackElo "1904"]
[PlyCount "50"]
[EventDate "2015.03.09"]

1. d4 c5 2. d5 Nf6 3. c4 e6 4. Nc3 exd5 5. cxd5 d6 6. e4 g6 7. Bb5+ Nbd7 8. Nf3
Bg7 9. O-O O-O 10. Qc2 a6 11. Bxd7 Bxd7 12. Bg5 Qc7 13. Rfe1 Rfe8 14. h3 b5 15.
Nh2 b4 16. Nb1 Nxd5 17. Nd2 Nb6 18. Rad1 Be6 19. f4 f5 20. Nhf3 fxe4 21. Nxe4
Bf5 22. g4 Bxe4 23. Rxe4 Qc6 24. Rxb4 Qxf3 25. Rxb6 Bd4+ 0-1

[Event "Kvalifikacije za Sampionat 2015"]
[Site "Kragujevac"]
[Date "2015.03.11"]
[Round "4.26"]
[White "Filipovic, Tomislav S"]
[Black "Stojanovic, Vladimir M"]
[Result "0-1"]
[WhiteElo "1801"]
[BlackElo "1911"]
[PlyCount "72"]
[EventDate "2015.03.09"]

1. c4 e5 2. Nc3 Bb4 3. Qb3 a5 4. a3 Bxc3 5. Qxc3 Nc6 6. g3 Nf6 7. Bg2 d5 8. d3
O-O 9. Bg5 d4 10. Qc2 Bd7 11. Nf3 h6 12. Bd2 Qe7 13. O-O Bf5 14. Nh4 Bh7 15.
Kh1 e4 16. dxe4 Nxe4 17. Qd1 Rfe8 18. Bc1 Rad8 19. Qb3 Nc5 20. Qb5 g5 21. Nf3
Bc2 22. b4 axb4 23. axb4 Nb3 24. Ra2 Nxc1 25. Rxc1 Be4 26. Rb2 Qf6 27. Rd2 d3
28. Ng1 Qxf2 29. Bxe4 Rxe4 30. Qc5 Qxc5 31. bxc5 dxe2 32. Rxe2 Rxe2 33. Nxe2
Rd2 34. Ng1 Nd4 35. Rb1 c6 36. Rxb7 g4 0-1

[Event "Kvalifikacije za Sampionat 2015"]
[Site "Kragujevac"]
[Date "2015.03.11"]
[Round "4.27"]
[White "Gagic, Miroljub"]
[Black "Kokic, Miljko"]
[Result "1/2-1/2"]
[WhiteElo "1803"]
[BlackElo "1536"]
[PlyCount "92"]
[EventDate "2015.03.09"]

1. Nf3 Nf6 2. g3 d5 3. d4 Nc6 4. Bg2 Bg4 5. Ne5 Bf5 6. Nxc6 bxc6 7. c4 e6 8.
O-O Be7 9. Qa4 Qd7 10. Nc3 O-O 11. Bg5 Rfb8 12. cxd5 exd5 13. Bxf6 gxf6 14.
Nxd5 cxd5 15. Qa5 c6 16. Qd2 Bh3 17. b3 Bxg2 18. Kxg2 Qf5 19. h4 Kh8 20. Rac1
Rb6 21. f3 Qg6 22. Qf4 f5 23. Rh1 Bd6 24. Qg5 Rg8 25. f4 Qe6 26. Qh5 Bxf4 27.
Rc3 Be3 28. Rf1 Bxd4 29. Rcf3 Qxe2+ 30. Kh3 Rb7 31. Qxf5 Qe6 32. g4 Qxf5 33.
Rxf5 f6 34. Rc1 Rbg7 35. g5 fxg5 36. hxg5 Rxg5 37. Rxg5 Rxg5 38. Rxc6 Bb6 39.
a4 Re5 40. b4 d4 41. Rd6 d3 42. a5 Bxa5 43. bxa5 Rxa5 44. Rxd3 Ra1 45. Rd7 a5
46. Ra7 a4 {..} 1/2-1/2